000 00483pab a2200169 454500
008 180718b2014 xxu||||| |||| 00| 0 eng d
100 _aBansal, Taruna
245 _aAvailability of basic amenities in urban India: a state level analysis (2001 and 2011)
260 _c2014
300 _ap.21-31.
362 _aOct- Dec
650 _aBasic urban services - India
650 _aBasic urban services
700 _aChoubey, Awadh Narayan
773 _aNagarlok
909 _a110263
999 _c110258
_d110258